| 000 | 00941nam a2200217Ia 4500 | ||
|---|---|---|---|
| 999 |
_c53874 _d53874 |
||
| 001 | 20925 | ||
| 003 | GE_BSU | ||
| 005 | 20210617170253.0 | ||
| 008 | 181216s2017||||ge |||||||||||||| ||geo|| | ||
| 040 | _cGE_BSU | ||
| 041 | _ageo | ||
| 080 | _a347.9(479.22) ს–32 | ||
| 245 |
_aსაქართველოს სამოქალაქო საპროცესო კოდექსი 2017 : _bცვლილებებითა და დამატებებით 2017წლის 28 აპრილამდე. |
||
| 264 |
_aთბილისი : _bბონა კაუზა, _c2017. |
||
| 300 |
_a262 გვ. ; _c20 სმ. |
||
| 490 | _aიურისტის ბიბლიოთეკა | ||
| 541 | _h9ლ. | ||
| 653 | _aსამართალი | ||
| 653 | _aსაქართველოს სამოქალაქო საპროცესო კოდექსი 2017 | ||
| 942 |
_cBK _2udc |
||